000 00283nam a22001337a 4500
008 170606b xxu||||| |||| 00| 0 eng d
020 _a0626510286
041 _aeng
080 _a94
100 _a18
101 _aSHH
245 _aBAKING ON THE POOR
_cAYRES,R.L
942 _2udc
_cBK
999 _c16113
_d16113